| 000 | 00506nam a2200169 i 4500 | ||
|---|---|---|---|
| 001 | 66167 | ||
| 003 | ES-MaACL | ||
| 005 | 20230906165546.0 | ||
| 007 | t| | ||
| 008 | 040128s1963 sp ||||1| spa d | ||
| 100 | 1 |
_aGagern, Friedrich von. _953223 |
|
| 245 | 1 | 3 |
_aEl tiempo de la madurez sexual / _cFriedrich von Gagern ; traducción del alemán por F. Cubelli. |
| 260 |
_aAlcoy : _bMarfil, _c1963. |
||
| 300 |
_a174 p. ; _c22 cm. |
||
| 700 | 1 |
_aCubelli, F. _941924 |
|
| 852 |
_aES-MaACL _jC-23181 _bR.51758 |
||
| 999 |
_c66167 _d66167 |
||